[Event "4th ch-EU"]
[Site "Liverpool ENG"]
[Date "2008.09.18"]
[Round "10"]
[White "Motoc,A"]
[Black "Redmond,J"]
[Result "1-0"]
[WhiteElo "2303"]
[BlackElo "2188"]
[EventDate "2008.09.09"]

1. d4 d5 2. c4 c6 3. Nf3 Nf6 4. e3 Bg4 5. h3 Bxf3 6. Qxf3 e6 7. Nc3 Nbd7 8.
Bd3 Bd6 9. O-O O-O 10. e4 dxc4 11. Bxc4 e5 12. d5 Qe7 13. dxc6 bxc6 14. Bg5
Rab8 15. b3 Nc5 16. Rfd1 Rfd8 17. Rac1 Rd7 18. Ne2 Ncxe4 19. Qxe4 Nxe4 20.
Bxe7 Rxe7 21. Bd3 Ng5 22. Bxh7+ Kxh7 23. Rxd6 Rb6 24. Rcxc6 Rxc6 25. Rxc6
Rd7 26. Rc2 Ne6 27. b4 Rd1+ 28. Kh2 Kg6 29. Rb2 Kf5 30. Ng3+ Kf6 31. b5 Ke7
32. Nf5+ Kd7 33. Rb4 Kc7 34. Ra4 Kb7 35. Ra6 Rd7 36. Rc6 Nc7 37. Nd6+ Kb8
38. a4 f6 39. a5 Rd8 40. b6 axb6 41. axb6 Nd5 42. b7 Ne7 43. Ra6 Kc7 44.
Nb5+ Kxb7 45. Ra7+ Kc6 46. Rxe7 Kxb5 47. Rxg7 Kc5 48. Rf7 Rd6 49. h4 Kd5
50. h5 Ke6 51. Rg7 Rd4 52. Kh3 f5 53. h6 Kf6 54. f3 Rd1 55. Kh2 f4 56. Rb7
Rd8 57. Kh3 Kg5 58. h7 Rh8 59. Rc7 Kf5 60. Kh4 Rd8 61. Kh5 Rh8 62. Rf7+ Ke6
63. Kg6 e4 64. fxe4 1-0

[Event "4th ch-EU"]
[Site "Liverpool ENG"]
[Date "2008.09.18"]
[Round "10"]
[White "Lawson,A"]
[Black "Cruz Alvarez de Ron,D"]
[Result "1-0"]
[WhiteElo "2200"]
[BlackElo "2278"]
[EventDate "2008.09.09"]

1. d4 Nf6 2. Nf3 g6 3. c4 Bg7 4. Nc3 d5 5. e3 O-O 6. b4 a5 7. b5 c5 8. bxc6
Nxc6 9. a3 a4 10. Bd2 Bg4 11. h3 Bxf3 12. Qxf3 dxc4 13. Bxc4 e5 14. d5 e4
15. Qe2 Ne5 16. Rd1 Qe7 17. Nb1 Rfc8 18. Bb4 Qc7 19. Bb5 Qc2 20. O-O Qxe2
21. Bxe2 Rc2 22. Bb5 Bf8 23. d6 Nc6 24. d7 Bxb4 25. Bxc6 Be7 26. Bxb7 Rd8
27. Bc8 Rc7 28. Rd4 Nxd7 29. Bxd7 Rdxd7 30. Rxe4 Ra7 31. Nc3 Rd3 32. Rc4
Bf6 33. Ne4 Bb2 34. Rb1 Bxa3 35. Ra1 f5 36. Nc3 Bb2 37. Raxa4 Rb7 38. Ra8+
Kg7 39. Rac8 Rb3 40. Ne2 Be5 41. g3 Rd2 42. Rc2 Rb2 43. Rxb2 Rxb2 44. Kf1
h5 45. Re8 Rb5 46. h4 Kf7 47. Ra8 Rb2 48. Ra7+ Ke6 49. Ra6+ Kf7 50. Ng1 Rb7
51. Kg2 Kg7 52. Nf3 Bf6 53. Ra5 Re7 54. Kf1 Rb7 55. Kg2 Re7 56. Rb5 Ra7 57.
Rd5 Rb7 58. Kf1 Rb1+ 59. Kg2 Rb7 60. Ne1 Kf7 61. Nd3 Re7 62. Rb5 Kg7 63.
Kf3 Rd7 64. Nf4 Ra7 65. Ne6+ Kf7 66. Nf4 Kg7 67. Nd5 Bd8 68. Kf4 Ba5 69. f3
Be1 70. Rb6 Rd7 71. Rb5 Bf2 72. Rc5 Kh6 73. Nf6 Ra7 74. Rb5 Ra4+ 75. e4 Kg7
76. Kg5 Ra7 77. exf5 Bxg3 78. Ne4 1-0

[Event "4th ch-EU"]
[Site "Liverpool ENG"]
[Date "2008.09.18"]
[Round "10"]
[White "Garcia Castro,P"]
[Black "Tasker,M"]
[Result "1-0"]
[WhiteElo "2390"]
[BlackElo "2062"]
[EventDate "2008.09.09"]

1. e4 c5 2. d3 Nc6 3. g3 g6 4. Bg2 Bg7 5. Nc3 e6 6. Be3 d6 7. Qd2 Qa5 8.
Nh3 Nd4 9. O-O Ne7 10. Kh1 Rb8 11. f4 b5 12. g4 b4 13. Nd1 h5 14. g5 O-O
15. Bf2 Bb7 16. Ne3 Rfd8 17. Bg3 Qa4 18. a3 bxa3 19. Rxa3 Qb5 20. c3 Ndc6
21. f5 exf5 22. exf5 Be5 23. f6 Nc8 24. Nd5 Bxg3 25. c4 Qb4 26. Nxb4 cxb4
27. Raa1 Be5 28. Nf4 Nd4 29. Rae1 a5 30. Bd5 Kf8 31. Re4 a4 32. Qxb4 Bxd5
33. Qxb8 1-0

[Event "4th ch-EU"]
[Site "Liverpool ENG"]
[Date "2008.09.18"]
[Round "10"]
[White "Paulet,I"]
[Black "Wilson,A"]
[Result "0-1"]
[WhiteElo "2275"]
[BlackElo "2059"]
[EventDate "2008.09.09"]

1. d4 e6 2. Nf3 d5 3. Bg5 Be7 4. Bxe7 Nxe7 5. e3 c5 6. c3 cxd4 7. cxd4 Nbc6
8. Nc3 O-O 9. Be2 Bd7 10. O-O Rc8 11. Bd3 f5 12. Rc1 Ng6 13. a3 Na5 14. Qe2
Nc4 15. b3 Nd6 16. Qb2 Ne4 17. Nd2 Nh4 18. f4 Qf6 19. g3 Qg6 20. Nf3 Nxf3+
21. Rxf3 Qg4 22. Be2 Nxc3 23. Rxc3 Rxc3 24. Qxc3 Rc8 25. Qd2 Bb5 26. Kg2
Bxe2 27. Qxe2 Qh5 28. Qd2 Qf7 29. Rf2 Qc7 30. Qb4 b6 31. Kf3 Qc1 32. Kg2
Qxe3 33. Qe7 Qe4+ 34. Kh3 Rf8 35. Rg2 h5 36. Rf2 Rf6 37. Rd2 h4 38. Qe8+
Kh7 39. Qh5+ Rh6 40. Qe2 hxg3+ 41. Kxg3 Rg6+ 42. Kf2 Rg2+ 0-1

[Event "4th ch-EU"]
[Site "Liverpool ENG"]
[Date "2008.09.18"]
[Round "10"]
[White "Coates,D"]
[Black "Zhou,Y"]
[Result "1/2-1/2"]
[WhiteElo "2037"]
[BlackElo "2259"]
[EventDate "2008.09.09"]

1. e4 c5 2. Nf3 Nc6 3. d4 cxd4 4. Nxd4 Nf6 5. Nc3 e5 6. Ndb5 d6 7. Bg5 a6
8. Na3 b5 9. Nd5 Be7 10. Bxf6 Bxf6 11. c3 Bg5 12. Nc2 Rb8 13. a4 bxa4 14.
Ncb4 Nxb4 15. cxb4 O-O 16. Rxa4 Qd7 17. Bc4 Bb7 18. O-O Bxd5 19. Bxd5 Rb6
20. b3 g6 21. Qd3 Kh8 22. f4 Bf6 23. f5 Qa7 24. Kh1 Qb8 25. Rxa6 Rxa6 26.
Qxa6 Qxb4 27. fxg6 fxg6 28. Qb7 Qxb7 29. Bxb7 Kg7 30. Bd5 h5 31. g3 g5 32.
b4 Rb8 33. Rb1 Bd8 34. b5 Bb6 35. Rf1 Bc5 36. Bc6 Rf8 37. Rxf8 Kxf8 38. Kg2
h4 39. gxh4 gxh4 40. h3 Ke7 41. Kf3 Kd8 42. Kg4 Bf2 43. b6 Kc8 44. b7+ Kc7
1/2-1/2

[Event "4th ch-EU"]
[Site "Liverpool ENG"]
[Date "2008.09.18"]
[Round "10"]
[White "Kett,T"]
[Black "Lam,P"]
[Result "1/2-1/2"]
[WhiteElo "2247"]
[BlackElo "2104"]
[EventDate "2008.09.09"]

1. e4 Nf6 2. e5 Nd5 3. c4 Nb6 4. d4 d6 5. f4 dxe5 6. fxe5 g6 7. Nc3 Bg7 8.
c5 Nd5 9. Bc4 e6 10. Nf3 b6 11. Bg5 Qd7 12. Ne4 Ba6 13. b3 h6 14. Bf6 O-O
15. Qd2 Qc6 16. Bxg7 Kxg7 17. h4 f5 18. Bxd5 exd5 19. Nf6 Nd7 20. Nxd7 Qxd7
21. Rc1 f4 22. h5 g5 23. Qc2 Qf7 24. cxb6 cxb6 25. Qc7 Rac8 26. Qxf7+ Kxf7
27. Kf2 Ke6 28. Nh2 Kf5 29. g4+ fxg3+ 30. Kxg3 Rxc1 31. Rxc1 Ke4 32. Re1+
Kxd4 33. e6 Bc8 34. Ng4 Re8 35. Nxh6 Rxe6 36. Nf5+ Kd3 37. Rc1 Bd7 38. Rc7
Be8 39. Ng7 Re3+ 40. Kg4 d4 41. Nf5 Re5 42. h6 Bg6 43. Ng3 Ke3 44. Rg7 Bc2
45. h7 Bxh7 46. Rxh7 Ra5 1/2-1/2

[Event "4th ch-EU"]
[Site "Liverpool ENG"]
[Date "2008.09.18"]
[Round "10"]
[White "Czaja,W"]
[Black "Naslund,M"]
[Result "0-1"]
[WhiteElo "2103"]
[BlackElo "2243"]
[EventDate "2008.09.09"]

1. d4 Nf6 2. c4 e6 3. a3 b6 4. Nc3 Bb7 5. Nf3 d5 6. Bg5 Be7 7. e3 O-O 8.
Bd3 dxc4 9. Bxc4 Nbd7 10. O-O c5 11. Qe2 Ne4 12. Nxe4 Bxe4 13. Bxe7 Qxe7
14. Rfd1 Nf6 15. dxc5 Qxc5 16. Rac1 Rac8 17. b4 Qe7 18. Nd4 Rfd8 19. f3 Bb7
20. Rc2 h6 21. Rdc1 Nd5 22. Bxd5 Rxc2 23. Qxc2 Bxd5 24. Qc7 Rd7 25. Qb8+
Kh7 26. Qe5 a5 27. Nc6 Bxc6 28. Rxc6 Rd1+ 29. Kf2 Qh4+ 30. Qg3 Qd8 31. Qf4
Qd2+ 32. Kg3 Rg1 33. Qe4+ f5 34. Qxe6 Qxg2+ 35. Kf4 Qg5+ 36. Ke5 Qxe3+ 37.
Kd6 Rg6 38. Qxg6+ Kxg6 39. Kc7+ Kh7 40. Rxb6 Qxa3 0-1

[Event "4th ch-EU"]
[Site "Liverpool ENG"]
[Date "2008.09.18"]
[Round "10"]
[White "Vaznonis,V"]
[Black "Yeo,M"]
[Result "1/2-1/2"]
[WhiteElo "2407"]
[BlackElo "2110"]
[EventDate "2008.09.09"]

1. d4 d5 2. c4 dxc4 3. Nf3 Nf6 4. e3 Bg4 5. Bxc4 e6 6. Qb3 Bxf3 7. gxf3
Nbd7 8. Qxb7 c5 9. dxc5 Nxc5 10. Bb5+ Nfd7 11. Bxd7+ Nxd7 12. O-O Rb8 13.
Qc6 Rb6 14. Qc4 Rb4 15. Qc2 Qg5+ 16. Kh1 Qh5 17. f4 Qf3+ 18. Kg1 Qg4+ 19.
Kh1 Qf3+ 20. Kg1 1/2-1/2

[Event "4th ch-EU"]
[Site "Liverpool ENG"]
[Date "2008.09.18"]
[Round "10"]
[White "Bennion,D"]
[Black "Majer,C"]
[Result "1-0"]
[WhiteElo "2063"]
[BlackElo "2091"]
[EventDate "2008.09.09"]

1. d4 Nf6 2. c4 c5 3. d5 b5 4. cxb5 a6 5. bxa6 g6 6. a7 Rxa7 7. Nc3 Ba6 8.
d6 Bg7 9. dxe7 Qxe7 10. Bf4 Ne4 11. Nd5 Qd8 12. Qc2 Qa5+ 13. b4 cxb4 14.
Qxe4+ Kd8 15. Qe7+ Kc8 16. Rc1+ Nc6 17. Qxb4 Bb7 18. Ne7+ Kd8 19. Nxc6+
Bxc6 20. Qxa5+ Rxa5 21. Nf3 Rxa2 22. Ne5 Ke7 23. Nxc6+ dxc6 24. Bg5+ Kd7
25. e4 Re8 26. Bd3 Ra3 27. Bb1 f5 28. O-O fxe4 29. Rfd1+ Kc7 30. Bf4+ Kb6
31. Rd6 Rb3 32. Rdxc6+ Kb5 33. R1c5+ Kb4 34. Bd2+ Ka3 35. Bc2 Rb7 36. Bc1+
Kb4 37. Rc4+ Kb5 38. Ba4+ 1-0

[Event "4th ch-EU"]
[Site "Liverpool ENG"]
[Date "2008.09.18"]
[Round "10"]
[White "Van Kemenade,R"]
[Black "O'Rourke,R"]
[Result "1/2-1/2"]
[WhiteElo "1971"]
[BlackElo "2062"]
[EventDate "2008.09.09"]

1. f4 c5 2. Nf3 d6 3. g3 g6 4. Bg2 Bg7 5. d3 Nf6 6. O-O O-O 7. c4 Nc6 8.
Nc3 Rb8 9. h3 a6 10. g4 e6 11. e4 Qc7 12. f5 h6 13. Nh4 g5 14. Nf3 b5 15.
Qe1 b4 16. Ne2 exf5 17. gxf5 Re8 18. Qg3 Nh5 19. Qf2 Ne5 20. Nxe5 dxe5 21.
Be3 Bf8 22. Rfd1 Nf4 23. Ng3 Rd8 24. Bf1 a5 25. Kh2 a4 26. Be2 Rb6 27. Rd2
h5 28. Bxh5 Rh6 29. Qf3 f6 30. Bg4 Bb7 31. Bf2 Qh7 32. Nf1 Rd7 33. Rad1 Qh8
34. Be3 Nxh3 35. Kg2 Nf4+ 36. Kf2 Rh1 37. Ke1 Rdh7 38. Bf2 Bc6 39. Bg3 Be8
40. Rf2 Bd6 41. Kd2 Bh5 42. Ne3 Rxd1+ 43. Qxd1 Bxg4 44. Nxg4 Rh3 45. Rh2
Rxh2+ 46. Bxh2 Qh3 47. Kc2 Kf7 48. Bg1 Qg2+ 49. Bf2 Bf8 50. Qg1 Qf3 51. Qd1
Qxd1+ 52. Kxd1 Nxd3 53. b3 a3 54. Be3 1/2-1/2

[Event "4th ch-EU"]
[Site "Liverpool ENG"]
[Date "2008.09.18"]
[Round "10"]
[White "Ringoir,G"]
[Black "Cannon,Ra"]
[Result "0-1"]
[WhiteElo "1944"]
[BlackElo "2041"]
[EventDate "2008.09.09"]

1. e4 d6 2. d4 Nf6 3. Nc3 g6 4. h3 Bg7 5. Be3 c6 6. a4 Qa5 7. Bd3 Nbd7 8.
Rb1 Qb4 9. Nf3 O-O 10. O-O e5 11. dxe5 dxe5 12. Bd2 Qe7 13. b4 a5 14. bxa5
Rxa5 15. Nd5 cxd5 16. Bxa5 dxe4 17. Bb4 Nc5 18. Ne1 exd3 19. Nxd3 b6 20. a5
Nd5 21. axb6 Nxb4 22. Nxb4 Bb7 23. Nd5 Qg5 24. c4 Ne6 25. Rb3 Nf4 26. Nxf4
Qxf4 27. Qg4 Qxg4 28. hxg4 Rd8 29. Ra1 e4 30. Rc1 e3 31. fxe3 Rd2 32. c5
Rxg2+ 33. Kf1 Rh2 34. Rbb1 Be5 35. c6 Bxc6 36. Rxc6 Rh1+ 37. Ke2 Rxb1 38.
Kd3 Rb4 39. g5 Kg7 40. Ke2 h5 41. gxh6+ Kxh6 42. Kf3 f5 43. Re6 Bh2 44. Re8
Kg5 45. Re6 Rb3 46. Kg2 Bb8 47. Kf2 Kh5 48. Rf6 Rb5 49. Kf3 Be5 50. Re6 Bb2
51. Kf2 g5 52. Kf3 Be5 53. b7 g4+ 54. Kf2 Rb2+ 55. Kf1 Bc7 56. e4 fxe4 57.
Rxe4 Rxb7 58. Re8 Rb2 59. Rg8 Kh4 0-1

[Event "4th ch-EU"]
[Site "Liverpool ENG"]
[Date "2008.09.18"]
[Round "10"]
[White "Ewart,B"]
[Black "De Coverly,R"]
[Result "0-1"]
[WhiteElo "1902"]
[BlackElo "2082"]
[EventDate "2008.09.09"]

1. d4 Nf6 2. c4 g6 3. Nc3 d5 4. cxd5 Nxd5 5. Bd2 Bg7 6. e4 Nxc3 7. Bxc3 O-O
8. Bc4 c5 9. Ne2 cxd4 10. Nxd4 a6 11. O-O e5 12. Nc2 Nc6 13. Qe2 b5 14. Bd5
Bb7 15. Qe3 Qc7 16. Rac1 Rac8 17. h4 Qb8 18. a3 Ne7 19. Ba2 Bc6 20. Bb4 Qb7
21. f3 Kh8 22. h5 gxh5 23. Bxe7 Qxe7 24. Nb4 Bb7 25. Qb6 Rxc1 26. Rxc1 Bc8
27. Nxa6 Qg5 28. Rc3 h4 29. Nb4 h3 30. Qf2 Bh6 31. Nd5 Be6 32. Rc2 hxg2 33.
Qxg2 Qh4 34. Qf2 Rg8+ 35. Kf1 Bh3+ 0-1